| 000 | 02027nam a2200445 i 4500 | ||
|---|---|---|---|
| 001 | ebr10869634 | ||
| 003 | CaPaEBR | ||
| 006 | m o d | ||
| 007 | cr cn||||||||| | ||
| 008 | 140523t20142014dcu ob 001 0 eng d | ||
| 020 | _z9780815725602 | ||
| 020 | _a9780815725619 (e-book) | ||
| 040 |
_aCaPaEBR _beng _erda _epn _cCaPaEBR |
||
| 035 | _a(OCoLC)879947266 | ||
| 043 | _an-us--- | ||
| 050 | 1 | 4 |
_aJK468.P64 _b.B724 2014eb |
| 082 | 0 | 4 |
_a320.60973 _223 |
| 100 | 1 |
_aBorins, Sandford F., _d1949- _eauthor. |
|
| 245 | 1 | 4 |
_aThe persistence of innovation in government / _cSandford F. Borins. |
| 264 | 1 |
_aWashington, District of Columbia : _bBrookings Institution Press, _c2014. |
|
| 264 | 4 | _c�2014 | |
| 300 | _a1 online resource (242 pages). | ||
| 336 |
_atext _2rdacontent |
||
| 337 |
_acomputer _2rdamedia |
||
| 338 |
_aonline resource _2rdacarrier |
||
| 490 | 1 |
_aInnovative Governance in the 21st Century ; _vVolume 8 |
|
| 504 | _aIncludes bibliographical references and index. | ||
| 588 | _aDescription based on print version record. | ||
| 590 | _aElectronic reproduction. Palo Alto, Calif. : ebrary, 2014. Available via World Wide Web. Access may be limited to ebrary affiliated libraries. | ||
| 650 | 0 |
_aPolitical planning _zUnited States. |
|
| 650 | 0 |
_aPublic administration _zUnited States. |
|
| 650 | 0 |
_aAdministrative agencies _zUnited States _xManagement. |
|
| 650 | 0 |
_aOrganizational change _zUnited States. |
|
| 650 | 0 |
_aGovernment productivity _zUnited States. |
|
| 655 | 0 | _aElectronic books. | |
| 776 | 0 | 8 |
_iPrint version: _aBorins, Sandford F. _tPersistence of innovation in government. _dWashington, District of Columbia : Brookings Institution Press, c2014 _hx, 230 pages _kInnovative governance in the 21st century ; Volume 8. _z9780815725602 _w2014008492 |
| 797 | 2 | _aebrary. | |
| 830 | 0 |
_aInnovative governance in the 21st century ; _vVolume 8. |
|
| 856 | 4 | 0 |
_uhttp://site.ebrary.com/lib/rucke/Doc?id=10869634 _zAn electronic book accessible through the World Wide Web; click to view |
| 999 |
_c105475 _d105475 |
||